000 00593nam a2200217 a 4500
003 MX-MxUPN
005 20240809160026.0
008 991125s1944 mx r 000 p spa d
035 _aUPN01000003234
040 _aMX-MxUPN
_bspa
_cMX-MxUPN
041 0 _aspa
050 1 4 _aPQ7297 G615
_bG63 1944
100 1 _aGonzález Martínez, Enrique,
_d1871-1952
_930579
245 1 0 _aAntología poética
250 _aTercera edición.
260 _aMéxico :
_bEspasa-Calpe,
_c1944.
300 _a152 páginas
490 0 _aAustral ;
_v333
650 4 _aPoesía mexicana
_91273
942 _2lcc
_cLIBRO
999 _c3234
_d3234